000 01956nam a2200553 i 4500
001 55044
003 KOSZ 005
005 20230119082249.0
008 070413s2006 pl a |000 0 pol
015 _aUWD 2007/20743
020 _a8374970162
020 _a9788374970167
035 _a991033709609705066
035 _a(PL-WaBN)b19022153-48omnis_nlop
035 _ab19022153
035 _a(OCoLC)749353370
035 _azz2007865961
035 _a(PL)b0000001902215
035 _a(EXLNZ-48OMNIS_NETWORK)9910056346605606
040 _aWA N
_cWA N
_dKOSZ 005/HR
041 0 _apol
_aeng
046 _k2006
080 _a332.122(438)"1989/..."
080 _a005.56
080 _a001.895
245 0 0 _aKlastry jako narzędzia lokalnego i regionalnego rozwoju gospodarczego /
_cpod red. Ewy Bojar ; [aut. Ryszard Barcik et al.].
260 _aLublin :
_bWydawnictwo Politechniki Lubelskiej,
_ccop. 2006.
300 _a480 s. :
_bil. ;
_c24 cm.
336 _aTekst
_btxt
_2rdacontent
337 _aBez urządzenia pośredniczącego
_bn
_2rdamedia
338 _aWolumin
_bnc
_2rdacarrier
380 _aKsiążki
388 _a2001-
490 1 _aKonkurencja i koegzystencja regionów w procesie integracji europejskiej ;
_vnr 6
500 _aNazwy aut. na s. 479-480.
504 _aBibliogr. przy pracach.
546 _aTekst częśc. ang.
650 7 _aKlaster (ekonomia)
_2DBN
650 7 _aRozwój regionalny
651 7 _aPolska
658 _aGospodarka, ekonomia, finanse
700 1 _aBarcik, Ryszard
_d(1948- )
_eAutor
700 1 _aBojar, Ewa
_d(1949- )
_eRedakcja
710 _aPolitechnika Lubelska
_4pbl
830 0 _aKonkurencja i Koegzystencja Regionów w Procesie Integracji Europejskiej
_vnr 6
856 _uhttp://koha.tu.koszalin.pl/cgi-bin/koha/opac-detail.pl?biblionumber=55044
_yKatalog online BPK
942 _2UKD
_cKS
999 _c55044
_d55044